000 00838nam a2200265 a 4500
003 CBULib
005 20240829072210.0
008 150520s2013 ||||||||||||||||| || u
020 _a9780857029799
040 _bEnglish
_cCBULib
_erda
050 _aBF 38 Bem
100 _aDe Jong, Huib Lorren
245 1 0 _aTheoretical issues in psychology : an introduction
_c/ by Sacha Bem and Huib Looren De Jong
250 _aThird edition
260 _aLos Angeles :
_bSAGE Publications,
_c2013
300 _axi, 400 pages : illustrations
336 _2rdacontent
_aText |
_btxt
337 _2rdamedia
_aUnmediated |
_bn
338 _2rdacarrier
_aVolume
_bnc
650 0 _aPHILOSOPHY OF MIND
_9801
650 0 _aPSYCHOLOGY
_9306
700 _aBem, Sacha
942 _2lcc
_c002
999 _c59723
_d59723